| 000 | 01219nam a22002897a 4500 | ||
|---|---|---|---|
| 005 | 2010091802302.0 | ||
| 008 | 100915t xxu||||| |||| 00| 0 hin d | ||
| 010 | _aHIN-91942 | ||
| 020 |
_c200.00 _a9788189997465 |
||
| 035 | _aHN-64288 | ||
| 037 | _bDBAD / PUB | ||
| 040 |
_aDPL _bHN |
||
| 082 | _a920 | ||
| 100 |
_920178 _aशर्मा, महेशचंद्र |
||
| 245 |
_aभारत की महान् विभूतियाँ / _cमहेशचंद्र शर्मा |
||
| 246 |
_aBharat kee mahan Vibhutiya _bby Maheshchandra Sharma |
||
| 260 |
_aनई दिल्ली _bश्री नटराज प्रकाशन _c2009 |
||
| 270 |
_a4378/4बी, 306-जे एम डी हाउस, अंसारी रोड, दरियागंज _bनई दिल्ली _e110002 |
||
| 300 |
_a142पृ. _c22सेमी (सजिल्द) |
||
| 650 | _91159 | ||
| 650 | _926117 | ||
| 700 | _920179 | ||
| 700 | _920333 | ||
| 700 | _920540 | ||
| 942 |
_2ddc _cHN _mशर्माम _h920 |
||
| 999 |
_c50821 _d50821 |
||